[Event "8th Paul Keres mem"]
[Site "Tallinn URS"]
[Date "1983.02.27"]
[Round "6"]
[White "Jansa, Vlastimil"]
[Black "Veingold, Aleksander"]
[Result "1-0"]
[WhiteElo "2440"]
[BlackElo "2430"]
[EventDate "1983.02.21"]
[PlyCount "107"]

1.e4 c5 2.Nf3 d6 3.d4 cxd4 4.Nxd4 Nf6 5.Nc3 a6 6.Be2 e5 7.Nb3 Be7 8.O-O 
O-O 9.Be3 Be6 10.Qd2 b5 11.a4 b4 12.Nd5 Nxe4 13.Nxe7+ Qxe7 14.Qxb4 f5 15.
Na5 Rc8 16.Bf3 Bd5 17.Bxe4 Bxe4 18.Nc4 Nd7 19.Nxd6 Rab8 20.Qa3 Rxc2 21.
Qa2+ Kf8 22.Nxe4 Rcxb2 23.Bg5 Qf7 24.Qxf7+ Kxf7 25.Rad1 Nb6 26.Bc1 Ra2 27.
Nc5 Rc8 28.a5 Nc4 29.Nxa6 Rxa5 30.Nb4 Ke6 31.Nd3 Ra2 32.Rfe1 Kf6 33.Nb4 
Ra5 34.Nd5+ Ke6 35.Nf4+ Kf6 36.Nd3 g5 37.h3 Rb5 38.f3 Ra5 39.Nf2 Ra2 40.
Nd3 Ra5 41.Nb4 Rb5 42.Nd5+ Ke6 43.Ne3 Nxe3 44.Bxe3 f4 45.Rc1 Rxc1 46.Bxc1 
Kf5 47.Bd2 h5 48.Bc3 Rc5 49.Bb2 Rb5 50.Re2 g4 51.Kf2 g3+ 52.Ke1 Rd5 53.Bc3
Ke6 54.Re4 1-0

[Event "8th Paul Keres mem"]
[Site "Tallinn URS"]
[Date "1983.02.27"]
[Round "6"]
[White "Karner, Hillar"]
[Black "Suba, Mihai"]
[Result "1/2-1/2"]
[WhiteElo "2405"]
[BlackElo "2535"]
[EventDate "1983.02.21"]
[PlyCount "82"]

1.d4 e6 2.e4 c5 3.d5 exd5 4.exd5 d6 5.Nc3 Nf6 6.Bb5+ Nbd7 7.a4 g6 8.Qe2+ 
Qe7 9.Bg5 Bg7 10.Qxe7+ Kxe7 11.O-O-O a6 12.Re1+ Kd8 13.Bxd7 Kxd7 14.a5 b5 
15.axb6 Bb7 16.Bxf6 Bxf6 17.Ne4 Bd8 18.c4 f5 19.Nxd6 Kxd6 20.Re6+ Kd7 21.
Nf3 a5 22.Rhe1 Rf8 23.Ne5+ Kc8 24.d6 Bxb6 25.Re7 Rd8 26.Nf7 Bxg2 27.Nxd8 
Bxd8 28.Rxh7 Be4 29.h4 Ra6 30.f3 Bxf3 31.Re6 Rb6 32.Rxg6 Be4 33.Re6 Rb4 
34.b3 Rb7 35.Rxb7 Bxb7 36.Re5 Be4 37.h5 Kd7 38.Rxc5 Kxd6 39.Rb5 f4 40.Kd2 
f3 41.Ke3 Bc6 1/2-1/2

[Event "8th Paul Keres mem"]
[Site "Tallinn URS"]
[Date "1983.02.27"]
[Round "6"]
[White "Petrosian, Tigran"]
[Black "Psakhis, Lev"]
[Result "1/2-1/2"]
[WhiteElo "2605"]
[BlackElo "2580"]
[EventDate "1983.02.21"]
[PlyCount "29"]

1.d4 Nf6 2.c4 e6 3.Nc3 Bb4 4.Qc2 c5 5.dxc5 Qc7 6.a3 Bxc5 7.Nf3 O-O 8.Bg5 
Be7 9.e3 d6 10.Be2 Nbd7 11.O-O a6 12.b4 b6 13.Qb3 Bb7 14.Rac1 Rac8 15.Rfd1
1/2-1/2

[Event "8th Paul Keres mem"]
[Site "Tallinn URS"]
[Date "1983.02.27"]
[Round "6"]
[White "Schussler, Harry"]
[Black "Vaganian, Rafael"]
[Result "0-1"]
[WhiteElo "2485"]
[BlackElo "2550"]
[EventDate "1983.02.21"]
[PlyCount "72"]

1.d4 Nf6 2.Nf3 g6 3.Bg5 Bg7 4.Nbd2 d5 5.e3 O-O 6.Bd3 c5 7.c3 cxd4 8.exd4 
Nc6 9.O-O h6 10.Bh4 Nh5 11.Re1 Qd6 12.Bb5 g5 13.Bg3 Nxg3 14.hxg3 a6 15.Ba4
b5 16.Bc2 g4 17.Nh2 f5 18.Nb3 Ra7 19.Nf1 h5 20.Nc1 Bh6 21.Nd3 e6 22.b4 Rh7
23.a4 Bg5 24.axb5 axb5 25.Ra8 h4 26.Nc5 Rh6 27.Qe2 hxg3 28.fxg3 Kf7 29.
Qxb5 Bd2 30.Rxc8 Rxc8 31.Nb7 Qc7 32.Nxd2 Qxg3 33.Nf1 Qxe1 34.Nd6+ Kf6 35.
Nxc8 g3 36.Qd3 Qf2# 0-1

[Event "8th Paul Keres mem"]
[Site "Tallinn URS"]
[Date "1983.03.01"]
[Round "7"]
[White "Ehlvest, Jaan"]
[Black "Petrosian, Tigran"]
[Result "1/2-1/2"]
[WhiteElo "2460"]
[BlackElo "2605"]
[EventDate "1983.02.21"]
[PlyCount "39"]

1.d4 d5 2.c4 dxc4 3.Nf3 Nf6 4.Nc3 c6 5.a4 Bf5 6.Ne5 e6 7.f3 Bb4 8.e4 Bxe4 
9.fxe4 Nxe4 10.Qf3 Qxd4 11.Qxf7+ Kd8 12.Bg5+ Kc8 13.Qxe6+ Nd7 14.Qxd7+ 
Qxd7 15.Nxd7 Nxc3 16.bxc3 Bxc3+ 17.Kd1 Bxa1 18.Nc5 b6 19.Ne6 b5 20.Be2 
1/2-1/2

[Event "8th Paul Keres mem"]
[Site "Tallinn URS"]
[Date "1983.03.01"]
[Round "7"]
[White "Psakhis, Lev"]
[Black "Karner, Hillar"]
[Result "1-0"]
[WhiteElo "2580"]
[BlackElo "2405"]
[EventDate "1983.02.21"]
[PlyCount "67"]

1.d4 Nf6 2.c4 e6 3.Nf3 b6 4.a3 Ba6 5.Qc2 Bb7 6.Nc3 c5 7.e4 cxd4 8.Nxd4 Bc5
9.Nb3 Nc6 10.Nxc5 Nd4 11.Qd1 bxc5 12.Be3 e5 13.Bd3 a5 14.O-O d6 15.f4 h6 
16.Rb1 O-O 17.b4 axb4 18.axb4 Ra3 19.Bd2 Qa8 20.fxe5 Nxe4 21.Bxe4 Bxe4 22.
Nxe4 Qxe4 23.exd6 Ne2+ 24.Kh1 Rh3 25.Rb3 Rxb3 26.Qxb3 cxb4 27.c5 Ra8 28.
Qxf7+ Kh7 29.Qf3 Qxf3 30.gxf3 b3 31.Rb1 Ra2 32.c6 Rxd2 33.c7 Rc2 34.d7 1-0

[Event "8th Paul Keres mem"]
[Site "Tallinn URS"]
[Date "1983.03.01"]
[Round "7"]
[White "Suba, Mihai"]
[Black "Arnason, Jon"]
[Result "0-1"]
[WhiteElo "2535"]
[BlackElo "2460"]
[EventDate "1983.02.21"]
[PlyCount "152"]

1.c4 e5 2.g3 d6 3.Bg2 g6 4.d4 Bg7 5.Nf3 Nd7 6.O-O Ne7 7.Nc3 O-O 8.Qd2 Nf5 
9.e3 Re8 10.Rd1 exd4 11.exd4 Nf6 12.Qd3 c6 13.h3 d5 14.cxd5 Nxd5 15.Nxd5 
Qxd5 16.g4 Ne7 17.Bf4 Qd8 18.Re1 Nd5 19.Bg5 f6 20.Rxe8+ Qxe8 21.Bd2 Qf7 
22.Re1 Bd7 23.Qa3 Bf8 24.Qa5 g5 25.Nh2 Bd6 26.Nf1 Be6 27.Ng3 Bxg3 28.fxg3 
Nb6 29.Bb4 Bd5 30.Re7 Qg6 31.Bf1 Qb1 32.b3 Qd1 33.Re3 Nd7 34.Rd3 Qc2 35.
Qc7 Nf8 36.Qe7 a5 37.Bd6 Ng6 38.Qxf6 Re8 39.Be5 Nxe5 40.dxe5 Qc5+ 41.Kh2 
Qc2+ 42.Kg1 Qc5+ 43.Kh2 Qc1 44.Rxd5 cxd5 45.Bg2 Qc6 46.Qxg5+ Kh8 47.Qd2 b6
48.h4 Qe6 49.a4 Qxe5 50.Qxd5 Qxd5 51.Bxd5 Re2+ 52.Kh3 h6 53.Bc4 Rd2 54.g5 
hxg5 55.hxg5 Kg7 56.Kh4 Kg6 57.Bb5 Kf5 58.Kh3 Kxg5 59.Ba6 Kf5 60.Bc4 Rd8 
61.Ba6 Rh8+ 62.Kg2 Ke4 63.Bb5 Ke3 64.Ba6 Rd8 65.Bb5 Rd6 66.Ba6 Rd2+ 67.Kh3
Kf3 68.Bb7+ Kf2 69.Kh4 Rd7 70.Ba6 Rh7+ 71.Kg4 Rg7+ 72.Kf4 Rxg3 73.Bc4 Re3 
74.Kf5 Ke1 75.Kf4 Kd2 76.Bd5 Re1 0-1

[Event "8th Paul Keres mem"]
[Site "Tallinn URS"]
[Date "1983.03.01"]
[Round "7"]
[White "Tal, Mikhail"]
[Black "Jansa, Vlastimil"]
[Result "1-0"]
[WhiteElo "2620"]
[BlackElo "2440"]
[EventDate "1983.02.21"]
[PlyCount "63"]

1.e4 c5 2.Nf3 e6 3.d4 cxd4 4.Nxd4 Nf6 5.Nc3 d6 6.g4 h6 7.h4 Be7 8.Bg2 Nc6 
9.g5 hxg5 10.hxg5 Rxh1+ 11.Bxh1 Nh7 12.f4 Nf8 13.Nf3 Qb6 14.Qd3 Bd7 15.a3 
Rc8 16.b3 Ng6 17.Bd2 a6 18.Ne2 Qc7 19.Bg2 d5 20.exd5 exd5 21.Qxd5 Bg4 22.
Qe4 Bxf3 23.Bxf3 Kf8 24.Bh5 Re8 25.Bxg6 fxg6 26.Qxg6 Qd7 27.Bc3 Bc5 28.Qh5
Nd4 29.O-O-O Rxe2 30.Bxd4 Rxc2+ 31.Kxc2 Bxd4 32.Qf3 1-0

[Event "8th Paul Keres mem"]
[Site "Tallinn URS"]
[Date "1983.03.01"]
[Round "7"]
[White "Vaganian, Rafael"]
[Black "Szekely, Peter"]
[Result "1/2-1/2"]
[WhiteElo "2550"]
[BlackElo "2435"]
[EventDate "1983.02.21"]
[PlyCount "94"]

1.d4 Nf6 2.c4 g6 3.Nc3 Bg7 4.g3 d5 5.cxd5 Nxd5 6.Bg2 Nxc3 7.bxc3 c5 8.e3 
O-O 9.Ne2 Nc6 10.O-O cxd4 11.cxd4 Be6 12.Bb2 Bd5 13.Nf4 Bxg2 14.Kxg2 Rc8 
15.Rc1 Qb6 16.Qe2 Rfd8 17.Rfd1 e6 18.Rb1 Na5 19.Rdc1 Rxc1 20.Rxc1 Nc6 21.
Rc5 Rd7 22.h4 Qd8 23.Qc2 Rc7 24.a3 Rd7 25.h5 Rd6 26.a4 Rd7 27.Qe4 Qe8 28.
h6 Bf8 29.Rc1 Qd8 30.Rd1 Bxh6 31.Rh1 Bg7 32.Ba3 Qc8 33.Nxe6 fxe6 34.Qxe6+ 
Kh8 35.Qxg6 Qg8 36.Rh5 Bf8 37.Qf6+ Bg7 38.Qf5 Rf7 39.Rxh7+ Qxh7 40.Qxf7 
Qe4+ 41.Kh2 Qd3 42.Bf8 Qh7+ 43.Kg2 Qe4+ 44.Kf1 Qd3+ 45.Kg1 Qb1+ 46.Kg2 
Qe4+ 47.Kg1 Qb1+ 1/2-1/2

[Event "8th Paul Keres mem"]
[Site "Tallinn URS"]
[Date "1983.03.01"]
[Round "7"]
[White "Veingold, Aleksander"]
[Black "Schussler, Harry"]
[Result "1/2-1/2"]
[WhiteElo "2430"]
[BlackElo "2485"]
[EventDate "1983.02.21"]
[PlyCount "68"]

1.Nf3 c5 2.c4 Nc6 3.d4 cxd4 4.Nxd4 e6 5.g3 Qb6 6.Nb3 Ne5 7.e4 a5 8.Be3 Qc6
9.N3d2 Nf6 10.f3 Bc5 11.Qe2 O-O 12.Nc3 d5 13.Bxc5 Qxc5 14.O-O-O dxc4 15.
Nxc4 Nxc4 16.Qxc4 Qe3+ 17.Kb1 Qxf3 18.Be2 Qe3 19.Rd3 Qb6 20.Rhd1 e5 21.Rd6
Qe3 22.Rd8 Be6 23.Qc7 Raxd8 24.Rxd8 g6 25.Rxf8+ Kxf8 26.Qxe5 Kg7 27.h4 h5 
28.Kc2 b6 29.Bd3 Qf2+ 30.Ne2 Kh7 31.b3 Ng4 32.Qd4 Ne3+ 33.Kb2 Nd1+ 34.Kc2 
Ne3+ 1/2-1/2

[Event "8th Paul Keres mem"]
[Site "Tallinn URS"]
[Date "1983.03.02"]
[Round "8"]
[White "Abramovic, Bosko"]
[Black "Vaganian, Rafael"]
[Result "1/2-1/2"]
[WhiteElo "2475"]
[BlackElo "2550"]
[EventDate "1983.02.21"]
[PlyCount "59"]

1.e4 e6 2.d4 d5 3.Nc3 Bb4 4.e5 Qd7 5.Nf3 b6 6.Bd2 Bxc3 7.Bxc3 a5 8.Bd2 Ne7
9.Bd3 Ba6 10.Qe2 Bxd3 11.Qxd3 Na6 12.O-O h6 13.b3 O-O 14.c4 c5 15.Rfd1 
Rfd8 16.Be3 Nf5 17.Qe2 Qc6 18.Rac1 dxc4 19.Rxc4 b5 20.h3 Rd5 21.Rd2 Rad8 
22.dxc5 Nxe3 23.Qxe3 Nxc5 24.Rg4 Kf8 25.Nd4 Qd7 26.Qg3 g6 27.Qf4 Kg7 28.
Qf6+ Kg8 29.Rh4 h5 30.Rxh5 1/2-1/2

[Event "8th Paul Keres mem"]
[Site "Tallinn URS"]
[Date "1983.03.02"]
[Round "8"]
[White "Jansa, Vlastimil"]
[Black "Boensch, Uwe"]
[Result "1-0"]
[WhiteElo "2440"]
[BlackElo "2450"]
[EventDate "1983.02.21"]
[PlyCount "96"]

1.e4 c5 2.Nf3 d6 3.d4 cxd4 4.Nxd4 e6 5.c4 Nf6 6.Nc3 a6 7.Be2 Nbd7 8.O-O b6
9.Be3 Bb7 10.f3 Be7 11.Qd2 O-O 12.Rfd1 Re8 13.Rac1 Bf8 14.Bf1 Rc8 15.Qf2 
Qc7 16.b4 Qb8 17.a3 h6 18.Nb3 Bc6 19.Bd4 Red8 20.Kh1 Ne8 21.Rb1 Be7 22.a4 
Bf6 23.a5 Bxd4 24.Qxd4 Ba8 25.Rd2 Qc7 26.axb6 Nxb6 27.Na5 Rd7 28.Qe3 Nf6 
29.Rbd1 Rb8 30.Na2 Nc8 31.Qa3 Qa7 32.Nc1 Rc7 33.Ncb3 Qe3 34.Rd3 Qf4 35.Rd4
e5 36.R4d3 h5 37.c5 Bxe4 38.fxe4 Ng4 39.g3 Qxe4+ 40.Bg2 Qe2 41.R3d2 Qe3 
42.Rf1 dxc5 43.bxc5 Ne7 44.Qc1 f5 45.h3 Qxg3 46.hxg4 hxg4 47.Qc4+ Kh7 48.
Rd3 Qh4+ 1-0

[Event "8th Paul Keres mem"]
[Site "Tallinn URS"]
[Date "1983.03.02"]
[Round "8"]
[White "Karner, Hillar"]
[Black "Ehlvest, Jaan"]
[Result "0-1"]
[WhiteElo "2405"]
[BlackElo "2460"]
[EventDate "1983.02.21"]
[PlyCount "112"]

1.d4 Nf6 2.Nf3 g6 3.Bg5 Bg7 4.Nbd2 d6 5.e4 h6 6.Bh4 O-O 7.c3 c5 8.dxc5 
dxc5 9.Qc2 Nh5 10.Nc4 Nc6 11.Ne3 Be6 12.g4 Nf6 13.h3 Qa5 14.Nd2 b5 15.Bg2 
Rad8 16.O-O c4 17.a4 a6 18.axb5 Qxb5 19.Rfd1 h5 20.g5 Nh7 21.Nd5 Bxd5 22.
exd5 Ne5 23.Bg3 h4 24.Bxe5 Bxe5 25.Qe4 Bg7 26.Nxc4 Nxg5 27.Qxh4 Bf6 28.Qg4
Rc8 29.Bf1 Qb7 30.h4 Nh7 31.h5 Kh8 32.h6 Rc5 33.Rd2 e6 34.Nd6 Qb3 35.Ra3 
Qb8 36.Ne4 Rcc8 37.Rxa6 Be5 38.Qg2 Bf4 39.Re2 exd5 40.Ng3 d4 41.cxd4 Rc1 
42.Re7 Bxg3 43.fxg3 Qb4 44.Qe4 Qc4 45.Qe5+ f6 46.Qe2 Qxd4+ 47.Kh2 Ng5 48.
Raa7 f5 49.Rad7 Qf6 50.Re8 Ne4 51.Rxf8+ Qxf8 52.Qe3 Rxf1 53.Qd4+ Qf6 54.
Qc4 Rf2+ 55.Kg1 Rxb2 56.Rd8+ Qxd8 0-1

[Event "8th Paul Keres mem"]
[Site "Tallinn URS"]
[Date "1983.03.02"]
[Round "8"]
[White "Nei, Iivo"]
[Black "Suba, Mihai"]
[Result "0-1"]
[WhiteElo "2495"]
[BlackElo "2535"]
[EventDate "1983.02.21"]
[PlyCount "86"]

1.d4 Nf6 2.Nf3 e6 3.c4 c5 4.e3 d5 5.Nc3 Nc6 6.cxd5 exd5 7.Be2 cxd4 8.Nxd4 
Bd6 9.O-O O-O 10.Qd3 a6 11.Rd1 Re8 12.Nf3 Ne7 13.Nd4 Bb8 14.g3 Ba7 15.b3 
Qd6 16.Bf3 Ng6 17.Bg2 Ne5 18.Qf1 Bg4 19.f3 Bd7 20.Kh1 Rac8 21.Nce2 Ng6 22.
Bd2 h5 23.Bh3 Re5 24.Bxd7 Qxd7 25.Rac1 Rce8 26.Rc2 Ne7 27.Rdc1 Bb6 28.Nf4 
Nf5 29.Nxf5 Qxf5 30.Ng2 R5e7 31.Bb4 Bxe3 32.Nh4 Qh7 33.Bxe7 Bxc1 34.Rc7 
Bg5 35.Ng2 d4 36.f4 Nd5 37.Rd7 Bxe7 38.Rxd5 Bf6 39.h4 Qe4 40.Rd7 Rc8 41.
Rd6 Rc2 42.a4 d3 43.Kh2 Re2 0-1

[Event "8th Paul Keres mem"]
[Site "Tallinn URS"]
[Date "1983.03.02"]
[Round "8"]
[White "Schussler, Harry"]
[Black "Szekely, Peter"]
[Result "1/2-1/2"]
[WhiteElo "2485"]
[BlackElo "2435"]
[EventDate "1983.02.21"]
[PlyCount "35"]

1.d4 Nf6 2.c4 g6 3.Nc3 Bg7 4.e4 d6 5.Nf3 O-O 6.Be2 e5 7.O-O Nbd7 8.Re1 c6 
9.Bf1 exd4 10.Nxd4 Ng4 11.h3 Qb6 12.hxg4 Bxd4 13.Re2 Bg7 14.Be3 Qc7 15.Rd2
Ne5 16.f3 Be6 17.Qa4 a6 18.c5 1/2-1/2

[Event "8th Paul Keres mem"]
[Site "Tallinn URS"]
[Date "1983.03.03"]
[Round "9"]
[White "Boensch, Uwe"]
[Black "Veingold, Aleksander"]
[Result "0-1"]
[WhiteElo "2450"]
[BlackElo "2430"]
[EventDate "1983.02.21"]
[PlyCount "110"]

1.d4 Nf6 2.Nf3 g6 3.Bf4 d6 4.Nbd2 Nh5 5.Bg5 h6 6.Bh4 g5 7.Bg3 Bg7 8.e3 c5 
9.c3 cxd4 10.cxd4 g4 11.Nh4 Nxg3 12.fxg3 d5 13.Bd3 Nc6 14.O-O h5 15.a3 e6 
16.Rc1 Qg5 17.Re1 Bd7 18.Nb3 Rd8 19.Nc5 Bc8 20.Qb3 Qe7 21.Ng6 fxg6 22.
Bxg6+ Kf8 23.Rf1+ Kg8 24.Bf7+ Qxf7 25.Rxf7 Kxf7 26.Nxb7 Bxb7 27.Qxb7+ Ne7 
28.Qxa7 Bf6 29.a4 Ra8 30.Qd7 Rhd8 31.Qb5 Bg5 32.Rf1+ Kg7 33.Qb6 Bxe3+ 34.
Kh1 Rf8 35.Re1 Rf6 36.h3 Rxa4 37.Qd8 Kf7 38.Qh8 Rh6 39.Rf1+ Nf5 40.Qe5 Rf6
41.Kh2 Bxd4 42.Qc7+ Kg6 43.Qc8 Ra7 44.Qb8 Raf7 45.h4 Ng7 46.Rd1 Ba7 47.Qb3
Kh6 48.Ra1 Nf5 49.Qc3 Bb8 50.Qc1+ Kh7 51.Ra3 Bd6 52.Rb3 Nxh4 53.Qg5 Nf5 
54.Rb7 Bxg3+ 55.Kg1 Ng7 0-1

[Event "8th Paul Keres mem"]
[Site "Tallinn URS"]
[Date "1983.03.03"]
[Round "9"]
[White "Ehlvest, Jaan"]
[Black "Arnason, Jon"]
[Result "1/2-1/2"]
[WhiteElo "2460"]
[BlackElo "2460"]
[EventDate "1983.02.21"]
[PlyCount "104"]

1.d4 Nf6 2.c4 e6 3.Nc3 Bb4 4.e3 c5 5.Bd3 O-O 6.Ne2 d5 7.O-O cxd4 8.exd4 
dxc4 9.Bxc4 Nbd7 10.Qd3 a6 11.a4 Nb6 12.Bb3 Nbd5 13.Rd1 b6 14.Bg5 Be7 15.
Nxd5 Nxd5 16.Bxd5 exd5 17.Bxe7 Qxe7 18.Re1 Re8 19.Qd2 Bd7 20.Nc3 Qb4 21.
Re3 Rxe3 22.fxe3 Re8 23.Qe2 Bc6 24.Rf1 Qb3 25.Ra1 Qb4 26.Ra3 h6 27.Qd2 Re6
28.Ra1 Re8 29.Ra3 Re6 30.Ne4 Qe7 31.Ng3 Qe8 32.a5 bxa5 33.Rxa5 Rxe3 34.
Rxa6 Bb5 35.Ra1 Qe6 36.Ra8+ Kh7 37.Ra3 Rxa3 38.bxa3 g6 39.h3 Qd6 40.Qc3 
Qf4 41.Nh1 Qf1+ 42.Kh2 Qf4+ 43.Kg1 Kg7 44.Nf2 h5 45.g3 Qg5 46.Kh2 Be2 47.
Qc7 Qf6 48.Qf4 g5 49.Qe3 Bb5 50.Kg2 Kf8 51.Nd3 Qf5 52.Nf2 Qf6 1/2-1/2

[Event "8th Paul Keres mem"]
[Site "Tallinn URS"]
[Date "1983.03.03"]
[Round "9"]
[White "Suba, Mihai"]
[Black "Jansa, Vlastimil"]
[Result "1-0"]
[WhiteElo "2535"]
[BlackElo "2440"]
[EventDate "1983.02.21"]
[PlyCount "88"]

1.c4 g6 2.Nc3 c5 3.g3 Bg7 4.Bg2 Nc6 5.d3 a6 6.h4 Nf6 7.Nh3 d6 8.Bd2 Bd7 9.
Qc1 h6 10.Nf4 Rb8 11.Ncd5 Nxd5 12.cxd5 Ne5 13.Bc3 b5 14.b3 O-O 15.Qd2 b4 
16.Bb2 a5 17.Rc1 Qb6 18.Nh3 h5 19.Ng5 a4 20.O-O Ra8 21.d4 cxd4 22.Bxd4 Qa5
23.Qe3 Rac8 24.Nf3 Nxf3+ 25.exf3 Bxd4 26.Qxd4 axb3 27.axb3 Rc3 28.Rfe1 e5 
29.dxe6 Bxe6 30.Qxd6 Bxb3 31.Ra1 Qb5 32.f4 Be6 33.Rxe6 fxe6 34.Qxe6+ Kh8 
35.Qxg6 Qf5 36.Qh6+ Kg8 37.Ra7 Rc1+ 38.Kh2 Rf7 39.Ra8+ Rc8 40.Rxc8+ Qxc8 
41.Bd5 Qf5 42.Qd6 Qb1 43.Qc7 Qg6 44.Qb8+ Kg7 1-0

[Event "8th Paul Keres mem"]
[Site "Tallinn URS"]
[Date "1983.03.03"]
[Round "9"]
[White "Szekely, Peter"]
[Black "Abramovic, Bosko"]
[Result "0-1"]
[WhiteElo "2435"]
[BlackElo "2475"]
[EventDate "1983.02.21"]
[PlyCount "202"]

1.Nf3 e6 2.c4 f5 3.g3 Nf6 4.Bg2 Be7 5.O-O O-O 6.d4 c6 7.Qc2 b6 8.b3 Bb7 9.
Nc3 d5 10.Bb2 Qe8 11.Rad1 Nbd7 12.Ne1 Rc8 13.Nd3 Ba6 14.cxd5 exd5 15.Rfe1 
Bd6 16.Bc1 Ne4 17.Bf4 Rf6 18.Bxd6 Rxd6 19.Nb1 Rh6 20.h3 Qe7 21.Qb2 Re8 22.
Nd2 Nxg3 23.fxg3 Qe3+ 24.Kh1 Qxg3 25.Nf1 Qh4 26.Qd2 Qxd4 27.Nb4 Qxd2 28.
Rxd2 Bb7 29.Rc1 Nc5 30.e3 a5 31.Nd3 Ne4 32.Rdc2 Ba6 33.Rd1 g5 34.Kh2 Ree6 
35.Nf2 Nc5 36.Ng3 Rhf6 37.Rc3 Re5 38.Bf1 Bb7 39.Bg2 Rfe6 40.Rd2 Kf7 41.Nd1
Ke7 42.Rf2 Rf6 43.Nb2 Ba6 44.Nh5 Rf7 45.a3 Bb5 46.Kg1 Kd6 47.Kh2 Ree7 48.
Ng3 Re5 49.Nh5 h6 50.Bf3 Rfe7 51.Nd1 Ne6 52.Ng3 f4 53.exf4 Nxf4 54.Ne3 Bd3
55.Ng4 R5e6 56.Rd2 Bh7 57.b4 h5 58.Nf2 h4 59.Nf1 Re1 60.Kg1 axb4 61.axb4 
Rb1 62.Rd1 Rxb4 63.Ne3 Rb1 64.Nc4+ Kc7 65.Rxb1 Bxb1 66.Na3 Re1+ 67.Kh2 Kd6
68.Rb3 Bf5 69.Ng4 b5 70.Nxb5+ cxb5 71.Rxb5 Bxg4 72.Bxg4 Re5 73.Kg1 d4 74.
Rb8 d3 75.Kf2 Kc5 76.Rd8 Rd5 77.Rc8+ Kd4 78.Ke1 Ng2+ 79.Kd2 Ne3 80.Bf3 Rd6
81.Bh5 Nc4+ 82.Ke1 Re6+ 83.Kd1 Rf6 84.Ke1 Rf4 85.Rg8 Rf5 86.Rc8 Ne5 87.Re8
Rf4 88.Rg8 Ke3 89.Rxg5 Nf3+ 90.Bxf3 Rxf3 91.Re5+ Kd4 92.Rh5 Rxh3 93.Rh8 
Rh1+ 94.Kd2 Rh2+ 95.Kd1 h3 96.Rd8+ Ke4 97.Re8+ Kf5 98.Rf8+ Kg6 99.Rg8+ Kf7
100.Rh8 Rh1+ 101.Kd2 h2 0-1

[Event "8th Paul Keres mem"]
[Site "Tallinn URS"]
[Date "1983.03.03"]
[Round "9"]
[White "Tal, Mikhail"]
[Black "Schussler, Harry"]
[Result "1/2-1/2"]
[WhiteElo "2620"]
[BlackElo "2485"]
[EventDate "1983.02.21"]
[PlyCount "93"]

1.e4 e5 2.Nf3 Nf6 3.Nxe5 d6 4.Nf3 Nxe4 5.d4 d5 6.Bd3 Be7 7.O-O Nc6 8.Re1 
Bg4 9.c4 Nf6 10.cxd5 Nxd5 11.Nc3 O-O 12.h3 Be6 13.a3 Bf6 14.Bc2 Nb6 15.Ne4
Bf5 16.d5 Nxd5 17.Bb3 Bxe4 18.Rxe4 Nce7 19.Ne5 Qd6 20.Qe2 c6 21.Bd2 Bxe5 
22.Rxe5 Ng6 23.Re4 Nf6 24.Re3 Nf4 25.Qe1 N6d5 26.Re4 Nd3 27.Qb1 Nf6 28.Rh4
Rad8 29.Be3 c5 30.Bc2 Rfe8 31.Bxd3 Qxd3 32.Bxc5 b6 33.Be3 Qxb1+ 34.Rxb1 
Nd5 35.Bd2 Nc7 36.Be1 Rd3 37.Rc1 Ne6 38.Kf1 Red8 39.Rhc4 Kf8 40.Bc3 Ke8 
41.Re1 Rd1 42.Rxd1 Rxd1+ 43.Ke2 Rd5 44.Rc8+ Rd8 45.Rxd8+ Kxd8 46.Ke3 f5 
47.Bd2 1/2-1/2

[Event "8th Paul Keres mem"]
[Site "Tallinn URS"]
[Date "1983.03.03"]
[Round "9"]
[White "Vaganian, Rafael"]
[Black "Petrosian, Tigran"]
[Result "1/2-1/2"]
[WhiteElo "2550"]
[BlackElo "2605"]
[EventDate "1983.02.21"]
[PlyCount "35"]

1.c4 Nf6 2.Nf3 e6 3.g3 b6 4.Bg2 Bb7 5.O-O Be7 6.Nc3 O-O 7.d4 Ne4 8.Qc2 
Nxc3 9.Qxc3 c5 10.Rd1 d6 11.b3 Bf6 12.Bb2 Qe7 13.Qc2 Nc6 14.e4 e5 15.d5 
Nd4 16.Bxd4 cxd4 17.a4 a5 18.Ne1 1/2-1/2

[Event "8th Paul Keres mem"]
[Site "Tallinn URS"]
[Date "1983.03.05"]
[Round "10"]
[White "Karner, Hillar"]
[Black "Vaganian, Rafael"]
[Result "0-1"]
[WhiteElo "2405"]
[BlackElo "2550"]
[EventDate "1983.02.21"]
[PlyCount "70"]

1.e4 Nf6 2.Nc3 d5 3.e5 Nfd7 4.f4 e6 5.Nf3 c5 6.d4 Nc6 7.Be3 Qb6 8.a3 a6 9.
Na4 Qa5+ 10.c3 c4 11.Be2 Qc7 12.O-O b5 13.Nc5 Nxc5 14.dxc5 Na5 15.a4 Nb3 
16.Ra2 Bxc5 17.Bxc5 Qxc5+ 18.Kh1 bxa4 19.Rxa4 O-O 20.Bd3 cxd3 21.Qxb3 Bd7 
22.Rd4 Rab8 23.Qa2 Bb5 24.Nd2 Rfc8 25.Qa1 Qb6 26.b3 Rd8 27.f5 exf5 28.Rxf5
Rbc8 29.Rdf4 Bd7 30.Rxf7 Be6 31.Rb4 Qe3 32.Nf1 Qxe5 33.Ra7 Qxc3 34.Qxa6 
Qxb4 35.Qxe6+ Kh8 0-1

[Event "8th Paul Keres mem"]
[Site "Tallinn URS"]
[Date "1983.03.05"]
[Round "10"]
[White "Petrosian, Tigran"]
[Black "Szekely, Peter"]
[Result "1/2-1/2"]
[WhiteElo "2605"]
[BlackElo "2435"]
[EventDate "1983.02.21"]
[PlyCount "84"]

1.d4 Nf6 2.c4 g6 3.Nc3 Bg7 4.e4 d6 5.Bg5 h6 6.Be3 Ng4 7.Bc1 Nf6 8.f3 c5 9.
Nge2 Nc6 10.d5 Na5 11.Ng3 e5 12.Be2 b6 13.h4 h5 14.Nf1 a6 15.Bg5 Qc7 16.g3
Bd7 17.Nd2 Ng8 18.O-O Nb7 19.Qe1 Nh6 20.a3 O-O 21.Qf2 Rae8 22.Qg2 Qc8 23.
Kh2 Nd8 24.Rab1 f6 25.Be3 f5 26.b4 Qc7 27.Rb3 Nb7 28.Rfb1 Rb8 29.Bd3 Kh8 
30.Ne2 Ba4 31.R3b2 Bd7 32.Kh1 a5 33.bxa5 Nxa5 34.Nc3 f4 35.Bf2 fxg3 36.
Qxg3 Be8 37.Be3 Kh7 38.Nb5 Qe7 39.Bg5 Bf6 40.Nc3 Qc7 41.Ne2 Bg7 42.Ng1 Bd7
1/2-1/2

[Event "8th Paul Keres mem"]
[Site "Tallinn URS"]
[Date "1983.03.05"]
[Round "10"]
[White "Schussler, Harry"]
[Black "Abramovic, Bosko"]
[Result "1-0"]
[WhiteElo "2485"]
[BlackElo "2475"]
[EventDate "1983.02.21"]
[PlyCount "80"]

1.d4 Nf6 2.Nf3 e6 3.c4 b6 4.a3 d5 5.cxd5 exd5 6.Nc3 Be7 7.Bf4 O-O 8.e3 c5 
9.Be2 Bb7 10.O-O Nbd7 11.Ne5 a6 12.Bf3 Re8 13.Nxd7 Qxd7 14.Qb3 cxd4 15.
exd4 b5 16.Rfe1 Bc6 17.Be5 a5 18.Be2 b4 19.axb4 axb4 20.Rxa8 Rxa8 21.Bxf6 
gxf6 22.Nd1 Ra1 23.Qf3 f5 24.Bd3 Bf6 25.Bxf5 Qd6 26.Qh3 Bxd4 27.Bxh7+ Kf8 
28.Qg4 Be5 29.f4 Qc5+ 30.Kh1 Qf2 31.Qg8+ Ke7 32.Rxe5+ Kd6 33.Qf8+ Kc7 34.
Qe7+ Kb6 35.Qxb4+ Bb5 36.Qe1 Qxf4 37.Bc2 Rc1 38.Rf5 Qd4 39.Qf2 Qxf2 40.
Rxf2 d4 1-0

[Event "8th Paul Keres mem"]
[Site "Tallinn URS"]
[Date "1983.03.05"]
[Round "10"]
[White "Veingold, Aleksander"]
[Black "Suba, Mihai"]
[Result "1/2-1/2"]
[WhiteElo "2430"]
[BlackElo "2535"]
[EventDate "1983.02.21"]
[PlyCount "74"]

1.Nf3 c5 2.c4 Nf6 3.g3 b6 4.Bg2 Bb7 5.O-O e6 6.Nc3 Be7 7.b3 a6 8.Bb2 O-O 
9.d4 cxd4 10.Nxd4 Bxg2 11.Kxg2 Qc7 12.e4 d6 13.Qe2 Nc6 14.Rfd1 Rfd8 15.f3 
Rab8 16.Rac1 Nxd4 17.Rxd4 Qa7 18.Rcd1 Rdc8 19.a4 Nd7 20.Ba1 Qc7 21.f4 Rd8 
22.Qg4 Nf6 23.Qf3 Qc5 24.Bb2 Ne8 25.e5 dxe5 26.Rxd8 Rxd8 27.Rxd8 Bxd8 28.
Ne4 Qe7 29.fxe5 Qd7 30.Qe3 Qc6 31.Kf2 f5 32.exf6 Nxf6 33.Bxf6 Bxf6 34.Qf3 
Kf8 35.Qd3 Be7 36.Qf3+ Bf6 37.Qd3 Be7 1/2-1/2

[Event "8th Paul Keres mem"]
[Site "Tallinn URS"]
[Date "1983.03.06"]
[Round "11"]
[White "Boensch, Uwe"]
[Black "Schussler, Harry"]
[Result "1/2-1/2"]
[WhiteElo "2450"]
[BlackElo "2485"]
[EventDate "1983.02.21"]
[PlyCount "24"]

1.d4 Nf6 2.Nf3 e6 3.c4 b6 4.e3 Bb7 5.Be2 d5 6.O-O Bd6 7.b3 O-O 8.cxd5 exd5
9.Ba3 c5 10.Nc3 a6 11.Qc2 Nbd7 12.Rad1 Qe7 1/2-1/2

[Event "8th Paul Keres mem"]
[Site "Tallinn URS"]
[Date "1983.03.06"]
[Round "11"]
[White "Ehlvest, Jaan"]
[Black "Jansa, Vlastimil"]
[Result "1-0"]
[WhiteElo "2460"]
[BlackElo "2440"]
[EventDate "1983.02.21"]
[PlyCount "81"]

1.e4 c5 2.Nf3 e6 3.d4 cxd4 4.Nxd4 Nf6 5.Nc3 d6 6.f4 Be7 7.Be3 O-O 8.Qf3 e5
9.Nf5 Bxf5 10.exf5 Qa5 11.O-O-O e4 12.Qe2 Rc8 13.Qb5 Qc7 14.Rg1 Ng4 15.Bd4
d5 16.Be2 Bf6 17.Bxg4 Bxd4 18.Rxd4 Qxf4+ 19.Kb1 Nc6 20.Rxd5 Qxg4 21.Rd7 e3
22.Qd5 Rf8 23.Rxb7 Nd4 24.Rd7 Nxf5 25.h3 Qf4 26.Qd3 Rae8 27.Rf1 e2 28.Rxf4
e1=Q+ 29.Qd1 Qg3 30.Qf3 Re1+ 31.Nd1 Qxf3 32.Rxf3 g6 33.b3 Rfe8 34.Kb2 h5 
35.Nc3 h4 36.Rxa7 R8e3 37.Rf2 Rg3 38.a4 Ne3 39.Raxf7 Nxg2 40.a5 Re6 41.a6 
1-0

[Event "8th Paul Keres mem"]
[Site "Tallinn URS"]
[Date "1983.03.06"]
[Round "11"]
[White "Szekely, Peter"]
[Black "Karner, Hillar"]
[Result "1/2-1/2"]
[WhiteElo "2435"]
[BlackElo "2405"]
[EventDate "1983.02.21"]
[PlyCount "33"]

1.Nf3 g6 2.c4 Bg7 3.d4 d6 4.Nc3 c6 5.g3 a6 6.Bg2 b5 7.b3 Nd7 8.O-O Nb6 9.
Qd3 Nf6 10.e4 Nfd7 11.Rd1 bxc4 12.bxc4 c5 13.Be3 cxd4 14.Bxd4 Bxd4 15.Qxd4
f6 16.Nd5 Na4 17.Qe3 1/2-1/2

[Event "8th Paul Keres mem"]
[Site "Tallinn URS"]
[Date "1983.03.06"]
[Round "11"]
[White "Vaganian, Rafael"]
[Black "Arnason, Jon"]
[Result "1-0"]
[WhiteElo "2550"]
[BlackElo "2460"]
[EventDate "1983.02.21"]
[PlyCount "59"]

1.Nf3 Nf6 2.c4 c5 3.Nc3 e6 4.g3 Qb6 5.Bg2 Nc6 6.O-O Be7 7.b3 a6 8.Bb2 Rb8 
9.e3 d6 10.d4 O-O 11.Rc1 Bd7 12.Qd2 Rfc8 13.Rfd1 Na5 14.Ng5 cxd4 15.exd4 
Rxc4 16.d5 e5 17.bxc4 Nxc4 18.Qe2 Nxb2 19.Rb1 Nxd1 20.Rxb6 Nxc3 21.Qe3 Nb5
22.a4 Ng4 23.Qf3 Bxg5 24.axb5 e4 25.Qxe4 f5 26.Qb1 Bxb5 27.Qxf5 Re8 28.
Rxb5 axb5 29.Qxg4 Bf6 30.Be4 1-0